000
00334nam a22001217a 4500
003
SGT
082
_a
891.4309
_b
M07G
100
_a
गोयल, रामप्रकाश
245
_a
मुस्कुराते गम
260
_b
विवेक गोयल प्रकाशन
_c
2007
300
_a
175
942
_2
ddc
_c
BK
999
_c
31442
_d
31442